Personnages/Characters Mobile Legends Bang Bang - Statistiques

Statistiques générales
  • Ce quiz a été pris 127 fois
    49 depuis la dernière actualisation
  • Le résultat moyen est 67 sur 126
Statistiques - réponses
Réponse % Correct
Layla
92%
Lesley
85%
Miya
81%
Angela
77%
Argus
77%
Estes
77%
Tigreal
77%
Atlas
73%
Luo Yi
73%
Nana
73%
Clint
69%
Grock
69%
Gusion
69%
Karina
69%
Rafaela
69%
Vale
69%
Valir
69%
Wanwan
69%
Aamon
65%
Balmond
65%
Bane
65%
Claude
65%
Gloo
65%
Hanabi
65%
Roger
65%
Yu Zhong
65%
Zilong
65%
Aurora
62%
Carmilla
62%
Cecilion
62%
Dyrroth
62%
Fanny
62%
Hayabusa
62%
Lancelot
62%
Lolita
62%
Lunox
62%
Pharsa
62%
Silvanna
62%
X.Borg
62%
Alice
58%
Belerick
58%
Chou
58%
Esmeralda
58%
Franco
58%
Granger
58%
Harley
58%
Johnson
58%
Lapu Lapu
58%
Maikôh et Kupa
58%
Minotaur
58%
Odette
58%
Xavier
58%
Alucard
54%
Badang
54%
Beatrix
54%
Benedetta
54%
Chang'e
54%
Cici
54%
Floryne
54%
Ixia
54%
Karrie
54%
Natalia
54%
Saber
54%
Sun
54%
Vexana
54%
Akai
50%
Aldous
50%
Alpha
50%
Bruno
50%
Guinevere
50%
Irithel
50%
Kadita
50%
Kimmy
50%
Ling
50%
Thamuz
50%
Yin
50%
Yi Sun-shin
50%
Arlott
46%
Brody
46%
Cyclops
46%
Diggie
46%
Eudora
46%
Gatotkaca
46%
Kagura
46%
Kaja
46%
Melissa
46%
Minsitthar
46%
Ruby
46%
Selena
46%
Valentina
46%
Zhask
46%
Aulus
42%
Hanzo
42%
Harith
42%
Hilda
42%
Hylos
42%
Jawhead
42%
Khufra
42%
Masha
42%
Novaria
42%
Paquito
42%
Uranus
42%
Zhuxin
42%
Barats
38%
Baxia
38%
Chip
38%
Freya
38%
Gord
38%
Julian
38%
Leomord
38%
Mathilda
38%
Yve
38%
Fredrinn
35%
Helcurt
35%
Lylia
35%
Martis
35%
Moskov
35%
Terizla
35%
Edith
31%
Khaleed
31%
Natan
31%
Obsidia
31%
Suyou
31%
Nolan
27%
Phoveus
27%
Joy
23%
Aucun quiz correspondant
Distribution des résultats
% des personnes avec chaque résultat
Percentile par nombre de réponses
Votre historique - résultats
Vous n’avez pas pris ce quiz depuis la dernière actualisation